000
00311nam a2200133Ia 4500
008
231129s1991||||xx |||||||||||||| ||spa||
040
_b
spa
082
_a
327.172 M828p
100
_a
Morales Benitez Otto
245
0
_a
Papeles para la paz
260
_c
1991
264
_a
Arbol que piensa
942
_2
ddc
_c
BKS
999
_c
22376
_d
22376